भारतीय चित्रकलाः (Record no. 51542)
[ view plain ]
| 000 -LEADER | |
|---|---|
| fixed length control field | 01578nam a22003017a 4500 |
| 005 - DATE AND TIME OF LATEST TRANSACTION | |
| control field | 20080929101452.0 |
| 008 - FIXED-LENGTH DATA ELEMENTS--GENERAL INFORMATION | |
| fixed length control field | 080929t xxu||||| |||| 00| 0 hin d |
| 010 ## - LCCN (DPL NO) | |
| LC control number | HIN-92291 |
| 020 ## - INTERNATIONAL STANDARD BOOK NUMBER | |
| Terms of availability | 52.00 |
| International Standard Book Number | 9788191072723 |
| 035 ## - SYSTEM CONTROL NUMBER | |
| System control number | HN-64637 |
| 037 ## - SOURCE OF ACQUISITION | |
| Source of stock number/acquisition | DBAD / PUB |
| 040 ## - CATALOGING SOURCE | |
| Original cataloging agency | DPL |
| Language of cataloging | HN |
| 082 ## - DEWEY DECIMAL CLASSIFICATION NUMBER | |
| Classification number | 759.54 |
| 100 ## - MAIN ENTRY--PERSONAL NAME | |
| 9 (RLIN) | 26640 |
| Personal name | श्रोत्रिय, शुकदेव |
| 245 ## - TITLE STATEMENT | |
| Title | भारतीय चित्रकलाः |
| Statement of responsibility, etc | शुकदेव श्रोत्रिय; आशा आनन्द एवं सीमा सचदेवा |
| Remainder of title | प्रागैतिहासिक काल एवं पालशैली से पहाड़ी शैली तक / |
| 260 ## - PUBLICATION, DISTRIBUTION, ETC. (IMPRINT) | |
| Place of publication, distribution, etc | अलीगढ़ |
| Name of publisher, distributor, etc | प्रतियोगी प्रकाशन |
| Date of publication, distribution, etc | 2011 |
| 270 ## - ADDRESS | |
| Address | 186, इंजीनियर्स कालोनी, क्वार्सी बाइपास रोड |
| City | अलीगढ़ |
| Postal code | 202001 (उ.प्र.) |
| Telephone number | 9419464615 |
| 300 1# - PHYSICAL DESCRIPTION | |
| Extent | 104पृ. |
| Dimensions | 24सेमी (अजिल्द) |
| Other physical details | सचित्र |
| 490 ## - SERIES STATEMENT | |
| Series statement | चित्रायन सीरीज-8 |
| -- | 27227 |
| 650 ## - SUBJECT ADDED ENTRY--TOPICAL TERM | |
| 9 (RLIN) | 697 |
| 650 ## - SUBJECT ADDED ENTRY--TOPICAL TERM | |
| 9 (RLIN) | 26674 |
| 650 ## - SUBJECT ADDED ENTRY--TOPICAL TERM | |
| 9 (RLIN) | 698 |
| 700 ## - ADDED ENTRY--PERSONAL NAME | |
| 9 (RLIN) | 26643 |
| Personal name | आनन्द, आशा |
| 700 ## - ADDED ENTRY--PERSONAL NAME | |
| 9 (RLIN) | 27078 |
| Personal name | सचदेवा, सीमा |
| 710 ## - ADDED ENTRY--CORPORATE NAME | |
| 9 (RLIN) | 26662 |
| 942 ## - ADDED ENTRY ELEMENTS (KOHA) | |
| Source of classification or shelving scheme | Dewey Decimal Classification |
| Item type | Hindi Books |
| Classification part | 759.54 |
| Call number suffix | श्रोत्रिय |
| Withdrawn status | Lost status | Source of classification or shelving scheme | Damaged status | Not for loan | Collection code | Home library | Current library | Date acquired | Source of acquisition | Cost, normal purchase price | Total Checkouts | Full call number | Barcode | Date last seen | Copy number | Cost, replacement price | Koha item type |
|---|---|---|---|---|---|---|---|---|---|---|---|---|---|---|---|---|---|
| Dewey Decimal Classification | Not For Loan | Non-fiction | D.B.Act.Division | D.B.Act.Division | 11/04/2011 | DBAD /PUB | 52.00 | 759.54 श्रोत्रिय | HN-64637 | 11/04/2011 | 1 | 52.00 | Hindi Books |
